000 03466nam a22004935i 4500
001 60192
005 20200226102308.0
007 cr nn 008mamaa
008 161201s2017 gw | s |||| 0|eng d
020 _a9783319447759
_9978-3-319-44775-9
024 7 _a10.1007/978-3-319-44775-9
_2doi
035 _a(DE-He213)978-3-319-44775-9
050 4 _aRC346-429.2
072 7 _aMJN
_2bicssc
072 7 _aMED056000
_2bisacsh
082 0 4 _a616.8
_223
245 1 0 _aCognitive Screening Instruments
_h[electronic resource] :
_bA Practical Approach /
_cedited by A. J. Larner.
250 _a2nd ed. 2017.
264 1 _aCham :
_bSpringer International Publishing :
_bImprint: Springer,
_c2017.
300 _aX, 351 p. 21 illus., 9 illus. in color.
_bonline resource.
336 _atext
_btxt
_2rdacontent
337 _acomputer
_bc
_2rdamedia
338 _aonline resource
_bcr
_2rdacarrier
347 _atext file
_bPDF
_2rda
505 0 _aSection 1: Introduction -- Cognitive Screening Instruments: Rationale, Desiderata, Assessment -- Cochrane Dementia and Cognitive Improvement Group Assessment of Cognitive Screening Instruments -- Section 2: Patient performance-related tests -- Mini-Mental State Examination (MMSE) -- MMSE variants and subscores -- Clock Drawing Test -- Addenbrooke’s Cognitive Examinations (ACE) -- Montreal Cognitive Assessment (MoCA) -- DemTect -- Test Your Memory (TYM) test -- General Practitioner Cognitive Assessment (GPCOG) -- Six-item Cognitive Impairment Test (6CIT) -- Section 3: Informant-related scales -- Informant Questionnaire on Cognitive Decline in the Elderly (IQCODE) -- AD8 -- Section 4: Conclusion -- The Place of Cognitive Screening Instruments.
520 _aThis revised and updated second edition provides a practical and structured overview of some of the most commonly used and easily available cognitive screening instruments applicable in the outpatient clinic and bedside setting. It now includes additional chapters on AD8 and also methodological aspects of systematic cognitive screening instrument assessment from the Cochrane Dementia and Cognitive Improvement Group. Expert authors from around the world equip the reader with clear instructions on the usage of each screening instrument, its strengths and weaknesses, and the time required for administration. Rules on scoring are also provided, such as how to correct for variations in the patient’s age or education, and suggested cut-off scores. Cognitive Screening Instruments: A Practical Approach, Second Edition is aimed at both clinicians and professionals in disciplines allied to medicine who are called upon to assess patients with possible cognitive disorders, including neurologists, old age psychiatrists, neuropsychologists, primary care physicians, dementia support workers, and members of memory assessment teams.
650 0 _aMedicine.
650 0 _aGeneral practice (Medicine).
650 0 _aNeurology.
650 0 _aPsychiatry.
650 0 _aNeuropsychology.
650 1 4 _aMedicine & Public Health.
650 2 4 _aNeurology.
650 2 4 _aPsychiatry.
650 2 4 _aNeuropsychology.
650 2 4 _aGeneral Practice / Family Medicine.
700 1 _aLarner, A. J.
_eeditor.
710 2 _aSpringerLink (Online service)
773 0 _tSpringer eBooks
776 0 8 _iPrinted edition:
_z9783319447742
856 4 0 _uhttp://dx.doi.org/10.1007/978-3-319-44775-9
912 _aZDB-2-SME
999 _c1314
_d1314